[Event "Rouen op 9th"]
[Site "Rouen"]
[Date "2016.12.20"]
[Round "6"]
[White "Le Bourhis, Dominique"]
[Black "Schmitt, Mathieu"]
[Result "0-1"]
[WhiteElo "2065"]
[BlackElo "1928"]
[PlyCount "124"]
[EventDate "2016.12.17"]
[EventType "swiss"]
[EventRounds "7"]
[EventCountry "FRA"]
[SourceTitle "CBM 176 Extra"]
[Source "ChessBase"]
[SourceDate "2017.03.02"]
[SourceVersion "1"]
[SourceVersionDate "2017.03.02"]
[SourceQuality "1"]

1. Nf3 d5 2. d4 c5 3. c4 cxd4 4. cxd5 Nf6 5. Qa4+ Qd7 6. Qxd4 Qxd5 7. Nc3 Qxd4 8. Nxd4 a6 9. g3 e5 10. Nb3 Bd7 11. Bg2 Bc6 12. 0-0 Bb4 13. Bd2 Bxg2 14. Kxg2 Nc6 15. a3 Bxc3 16. Bxc3 Ne4 17. Be1 Ke7 18. f3 Ng5 19. Rc1 Ne6 20. Na5 Nxa5 21. Bb4+ Kf6 22. Bxa5 Rhc8 23. Bb6 Ke7 24. Kf2 Rxc1 25. Rxc1 Kd7 26. Ke3 Rc8 27. Rd1+ Ke7 28. Ba5 Nd4 29. Bc3 Nc6 30. f4 f6 31. Ke4 Ke6 32. f5+ Ke7 33. g4 h6 34. Rd3 Rc7 35. Kd5 Ke8 36. Kd6 Kd8 37. Kc5+ Kc8 38. Kd5 Rd7+ 39. Kc5 Rc7 40. Kb6 Nd4 41. Bxd4 exd4 42. Rxd4 Rc2 43. b4 Rc6+ 44. Ka7 Rc7 45. Rd5 Rc6 46. a4 Kc7 47. e4 Rc4 48. Rc5+ Rxc5 49. bxc5 a5 50. h4 Kc6 51. g5 hxg5 52. hxg5 fxg5 53. e5 Kxc5 54. f6 gxf6 55. exf6 Kd6 56. Kxb7 g4 57. Kb6 g3 58. Kxa5 g2 59. Ka6 g1Q 60. a5 Qg2 61. Ka7 Kc7 62. a6 Qg8 0-1